| Поле | Инд. | ПП | Название | Значение |
|---|---|---|---|---|
| Тип записи | a | |||
| Библиографический уровень | b | |||
| 001 | Контрольный номер | RU/IS/BASE/307112461 | ||
| 005 | Дата корректировки | 20200630193137.4 | ||
| 008 | Кодируемые данные | 20090924 | ||
| 040 | b | Код языка каталог. | rus | |
| e | Правила каталог. | PSBO | ||
| 041 | 0_ | a | Код языка текста | rus |
| 084 | a | Индекс другой классификации/Индекс ББК | 81.522.12-3 | |
| 100 | 1_ | a | Автор | Панина Е. В. |
| 245 | 10 | a | Заглавие | Суффиксация и основовложение в санскрите и хинди: к вопросу о неосанскритизмах |
| 504 | a | Библиография | Библиогр.: с. 78 | |
| 650 | 14 | a | Основная рубрика | лексикология |
| a | Основная рубрика | филологические науки | ||
| a | Основная рубрика | частное языкознание | ||
| a | Основная рубрика | языкознание | ||
| 653 | 1_ | a | Ключевые слова | индийские языки |
| a | Ключевые слова | лексика | ||
| a | Ключевые слова | неологизмы | ||
| a | Ключевые слова | основосложение | ||
| a | Ключевые слова | санскрит | ||
| a | Ключевые слова | словообразование | ||
| a | Ключевые слова | суффиксация | ||
| a | Ключевые слова | хинди | ||
| 773 | 08 | t | Заглавие источника | Вестник Московского университета. Серия 9, Филология |
| d | Дата издания источника | 2009 | ||
| g | Прочая информация | № 1. - С. 64 - 78 : табл., схем. | ||
| w | Контрольный № источника | RU/IS/BASE/299591630 | ||
| 901 | t | Тип документа | b |